A Level Biology - Cell Structure 2.1 - Statistics

General Stats
  • This quiz has been taken 184 times
  • The average score is 3 of 6
Answer Stats
Definition Keyword % Correct
Small structures within cells, each of which has a specific function Organelles
90%
The clarity of an image; the higher the ______, the clearer the image Resolution
88%
The number of times larger an image appears, compared with the size of the object Magnification
86%
A measuring device. It is placed in the eyepiece of a microscope and scts as a ruler when you view an object under the microsope Eyepiece graticule
36%
Photograph of an image seen using an electron microscope Electron micrograph
23%
Photograph of an image seen using an optical microscope Photomicrograph
10%
No matching quizzes found
Score Distribution
Percent of People with Each Score
Percentile by Number Answered
Your Score History
You have not taken this quiz